Franchising: Pathway to Wealth Creation (Record no. 3034)

MARC details
000 -LEADER
fixed length control field 00420nam a22001697a 4500
005 - DATE AND TIME OF LATEST TRANSACTION
control field 20260401123000.0
008 - FIXED-LENGTH DATA ELEMENTS--GENERAL INFORMATION
fixed length control field 160618b xxu||||| |||| 00| 0 eng d
020 ## - INTERNATIONAL STANDARD BOOK NUMBER
ISBN 81-297-0422-6
041 ## - LANGUAGE CODE
Language code of text/sound track or separate title eng
082 ## - DEWEY DECIMAL CLASSIFICATION NUMBER
Item number 658.872
100 ## - MAIN ENTRY--AUTHOR NAME
Personal name Stephen Spenelli
245 ## - TITLE STATEMENT
Title Franchising: Pathway to Wealth Creation
260 ## - PUBLICATION, DISTRIBUTION, ETC. (IMPRINT)
Place of publication Delhi
Name of publisher Pearson Education
Year of publication 2004
300 ## - PHYSICAL DESCRIPTION
Number of Pages 222
650 ## - SUBJECT ADDED ENTRY--TOPICAL TERM
Topical Term Management
942 ## - ADDED ENTRY ELEMENTS (KOHA)
Koha item type Books
Holdings
Lost status Damaged status Collection code Home library Current library Shelving location Date acquired Source of acquisition Cost, normal purchase price Full call number Accession Number Koha item type
    MANAGEMENT JRU Library JRU Library SHELF-40-N 18/06/2016 PURCHASE 110.00 8065 8065 Books
    LIFE SKILL JRU Library JRU Library SHELF-102-I 18/06/2016   110.00 658.872 8066 Books
      JRU Library   SHELF-20-K 18/06/2016   110.00 8065 8067 Books
      JRU Library   SHELF-20-K 18/06/2016   110.00 8065 8068 Books